[Varín] Starý hrad

Bibliographic Details
Format: Photo
Language:Slovak
PhysicalDescription:1 pohľadnica fareb. 14x9 cm
Published: Bratislava "Kriváň" [medzi 1919 a 1948?]
Subjects:

MARC

LEADER 00000ckmaa2200000 a 4500
001 vtls010172065
003 SK-MaSNL
005 20260425233719.0
007 kf co
008 231204n1919 xo 000 ||00 k|slo
035 |a CADF2E84-54D3-4A78-A82D-274554B2AE7E 
035 |a urn:nbn:sk:snk-km001mzf 
035 |a urn:nbn:sk:snk-kmtits 
040 |a SNKLA  |b slo  |c SNKLA  |e AACR2 
041 0 |a slo 
044 |a xo  |c SK 
245 0 0 |a [Varín]  |h [grafika]  |b Starý hrad 
260 |a Bratislava  |b "Kriváň"  |c [medzi 1919 a 1948?] 
300 |a 1 pohľadnica  |b fareb.  |c 14x9 cm 
610 2 7 |a Starý hrad (Varín, Slovensko)  |2 SNKLA  |9 165169 
651 7 |a Varín (Slovensko)  |2 SNKPH  |9 30156 
651 7 |a Slovensko  |2 SNKPH  |9 14231 
655 7 |a miestne pohľadnice  |2 SNKPH  |9 70510 
958 |a BLA 
999 |c 773712  |d 775642 
952 |a SNKLA  |b SNKLA  |c SNKLA_DEP  |y NEVYP  |7 0  |p 17A0656122  |o snkPV 7/4  |i snkLA 5181/1972  |0 0  |1 0  |4 0  |d 2014-08-14  |f 1  |l 0  |r 2026-02-24 00:42:12  |w 2026-02-24